000 01114nam a22003257a 4500
003 CHAP
005 20220329133943.0
008 971013s1992 r 00010 d
010 _a13172
011 _a14144
035 _a18217
040 _cCHAP
090 _aTesis
100 0 0 _aEsparza Roman, Gregorio.
_937769
245 _aAsociación de productores agrícolas con empresarios, alternativa de aplicación en "Los Llanos" de Durango
260 _aBermejillo, Dgo. :
_bEl autor,
_c1992
300 _a62 h.
502 _aTesis (Ing. Agr. Esp. en Zonas Aridas) -- UACH. Departamento de Zonas Aridas
590 _aALEPH
_b10
_c20130110
_lUCH01
_h1232
590 _aBATCH-UPD
_b10
_c20130110
_lUCH01
_h1650
590 _aBATCH-UPD
_b10
_c20130410
_lUCH01
_h1039
590 _aBATCH-UPD
_b10
_c20130914
_lUCH01
_h1302
590 _aCONVERSION
_b10
_c20130109
_lUCH01
_h1309
650 1 4 _aAgricultura
_xSociedades
_xDurango.
_91804
650 1 4 _aEmpresarios.
_936634
650 1 4 _aFrijol
_xAspectos económicos
_xDurango.
_943331
901 _aBK
942 _cTESIS
949 _bBC
_cTES
_d-42523
_eTS1
_h30225
_i18217
_si
999 _c13172
_d13172